| 000 | 01079cam a2200301 a 4500 | ||
|---|---|---|---|
| 001 | 13275590 | ||
| 003 | NUST | ||
| 005 | 20240402133821.0 | ||
| 008 | 030715s2003 mau 000 0 eng d | ||
| 010 | _a 2003272150 | ||
| 020 | _a0072536322 | ||
| 035 | _a(OCoLC)ocm51250773 | ||
| 040 |
_aSITPL _cSITPL _dDLC |
||
| 042 | _alccopycat | ||
| 050 | 0 | 0 |
_aHG4026 _b.D46 2003 |
| 082 | 0 | 0 |
_a658.15 _bDEM |
| 100 | 1 |
_aDeMello, Jim. _920666 |
|
| 245 | 1 | 0 |
_aCases in finance / _cJim DeMello. |
| 260 |
_aBoston : _bMcGraw-Hill/Irwin, _c2003. |
||
| 300 |
_a150 p. ; _c23 cm. |
||
| 440 | 0 |
_aMcGraw-Hill/Irwin series in finance, insurance, and real estate _920667 |
|
| 650 | 0 |
_aCorporations _xFinance _vCase studies. _920668 |
|
| 856 | 4 | 1 |
_3Table of contents _uhttp://www.loc.gov/catdir/toc/mh041/2003272150.html |
| 856 | 4 | 2 |
_3Publisher description _uhttp://www.loc.gov/catdir/description/mh041/2003272150.html |
| 906 |
_a7 _bcbc _ccopycat _d2 _encip _f20 _gy-gencatlg |
||
| 942 |
_2ddc _cBK |
||
| 999 |
_c346892 _d346892 |
||